Dopady harmonizácie nepriamych daní v EÚ na podniky v SR bakalárska práca

Enregistré dans:
Détails bibliographiques
Auteur principal: Adamčíková, Petra
Collectivité auteur: Podnikovohospodárska fakulta EU so sídlom v Košiciach. Katedra účtovníctva a financií
Autres auteurs: Simonidesová, Jana, 1968-
Format: Livre
Langue:slovaque
Publié: Košice 2010
Tags: Ajouter un tag
Pas de tags, Soyez le premier à ajouter un tag!

MARC

LEADER 00000nbm a2200000 4500
001 0132721
005 20161109111439.0
041 0 |a slo 
044 |a SK 
245 1 0 |a Dopady harmonizácie nepriamych daní v EÚ na podniky v SR  |b bakalárska práca  |c Petra Adamčíková ; školiteľ: Jana Simonidesová 
264 1 |a Košice  |c 2010 
300 |a 63 s. 
100 1 |a Adamčíková, Petra 
700 1 |a Simonidesová, Jana, 1968- 
710 2 |a Podnikovohospodárska fakulta EU so sídlom v Košiciach. Katedra účtovníctva a financií